<?xml version="1.0" encoding="UTF-8"?>
<record
    xmlns:xsi="http://www.w3.org/2001/XMLSchema-instance"
    xsi:schemaLocation="http://www.loc.gov/MARC21/slim http://www.loc.gov/standards/marcxml/schema/MARC21slim.xsd"
    xmlns="http://www.loc.gov/MARC21/slim">

  <leader>01272nam a2200169Ia 4500</leader>
  <datafield tag="952" ind1=" " ind2=" ">
    <subfield code="0">0</subfield>
    <subfield code="1">0</subfield>
    <subfield code="4">0</subfield>
    <subfield code="7">0</subfield>
    <subfield code="a">18</subfield>
    <subfield code="b">18</subfield>
    <subfield code="d">2011-01-11</subfield>
    <subfield code="l">3</subfield>
    <subfield code="o">KGF480 L69 T.3</subfield>
    <subfield code="p">18 001292</subfield>
    <subfield code="r">2019-10-03</subfield>
    <subfield code="s">2019-10-03</subfield>
    <subfield code="t">1</subfield>
    <subfield code="w">2012-06-26</subfield>
    <subfield code="y">LB</subfield>
  </datafield>
  <datafield tag="999" ind1=" " ind2=" ">
    <subfield code="c">74190</subfield>
    <subfield code="d">74190</subfield>
  </datafield>
  <controlfield tag="008">120626s2009    mx            000 0 spa d</controlfield>
  <datafield tag="020" ind1=" " ind2=" ">
    <subfield code="a">9708130036</subfield>
  </datafield>
  <datafield tag="050" ind1=" " ind2=" ">
    <subfield code="a">KGF480</subfield>
    <subfield code="b">L69</subfield>
  </datafield>
  <datafield tag="100" ind1="1" ind2=" ">
    <subfield code="a">Lozano Ram&#xED;rez, Ra&#xFA;l</subfield>
    <subfield code="e">autor</subfield>
  </datafield>
  <datafield tag="245" ind1="1" ind2="0">
    <subfield code="a">Derecho civil</subfield>
    <subfield code="b"> : obligaciones</subfield>
    <subfield code="c">/ Ra&#xFA;l Lozano Ram&#xED;rez</subfield>
  </datafield>
  <datafield tag="260" ind1="3" ind2=" ">
    <subfield code="a">M&#xE9;xico</subfield>
    <subfield code="b"> : Pac</subfield>
    <subfield code="c">, 2009</subfield>
  </datafield>
  <datafield tag="300" ind1=" " ind2=" ">
    <subfield code="a">xxii, 242 p&#xE1;ginas</subfield>
  </datafield>
  <datafield tag="505" ind1=" " ind2=" ">
    <subfield code="a">La obligaci&#xF3;n en general
Hechos y actos jur&#xED;dicos
Fuente de las obligaciones
El contrato
Elementos esenciales para la existencia del contrato
Elementos de validez del contrato
La interpretaci&#xF3;n de los contratos
Efectos de los contratos entre las partes
Efectos de los contratantes relaci&#xF3;n con terceros
Declaraci&#xF3;n unilateral de la voluntad
El enriquecimiento ileg&#xED;timo
El pago de lo indebido
La gesti&#xF3;n de negocios
Noci&#xF3;n de los cuasicontratos
Los hechos il&#xED;citos
Nuestro c&#xF3;digo penal
El da&#xF1;o moral
El abuso de los derechos
El riesgo creado o la responsabilidad objetiva
Obligaciones puras y simples
Obligaciones complejas
Obligaciones con pluralidad de sujetos
Obligaciones con pluralidad de objetos
El cumplimiento de las obligaciones</subfield>
  </datafield>
  <datafield tag="519" ind1=" " ind2=" ">
    <subfield code="a">Plan Flexible / </subfield>
    <subfield code="b">Derecho / </subfield>
    <subfield code="c">Derecho Civil III (P12-3) / </subfield>
    <subfield code="d">(18 001292)</subfield>
  </datafield>
  <datafield tag="650" ind1="1" ind2="4">
    <subfield code="a">DERECHO CIVIL</subfield>
    <subfield code="x">OBLIGACIONES</subfield>
  </datafield>
  <datafield tag="942" ind1=" " ind2=" ">
    <subfield code="c">LB</subfield>
  </datafield>
</record>
